000 00405nam a2200169Ia 4500
008 120712t2010 xxu||||| |||| 00| 0 sin d
041 _asin
080 _aX8S31
_bWIJ
100 _aWijesena, Sagara
245 _aඅහීමානය
246 _aAheemanaya
260 _bGodage
_aColombo
_c2010
300 _a144p., 21 cm
942 _cBK
999 _c73396
_d73396
003 LK-CoDNM
040 _aLK-CoDNM
_dLK-CoDNM
_eLK-CoDNM